000 00581nam a22002057a 4500
003 DO-SdBNP
005 20220531084024.0
007 ta
008 211110b ||||| |||| 00| 0 eng d
020 _a9789945624151
040 _aDO-SdBNP
_bspa
_cBNPHU
100 1 _aContreras, Carmen Yris
_980573
245 1 0 _aEl cuerpo humano /
_cCarmen Yris Contreras.
260 _aSanto Domingo :
_bFR Multiservicios,
_c2021.
300 _a80 p. :
_bil. ;
_c23 cm.
504 _aBibliografĂ­a : p. 81-82
590 _aInventariado, 2021 /LP
910 _aLopérez
942 _2ddc
_cLBS1
999 _c50923
_d50923